[Event "Ch Argentina"]
[Site "Buenos Aires (Argentina)"]
[Round "12"]
[White "Pappier Carlos (ARG)"]
[Black "Foguelman Alberto (ARG)"]
[Result "0-1"]
[WhiteElo "2202"]
[BlackElo "2310"]

1.e4 c6 2.d4 d5 3.Nc3 dxe4 4.Nxe4 Bf5 5.Ng3 Bg6 6.h4 h6 7.f4 Nd7 8.h5 Bh7
9.Nf3 e6 10.Bd3 Bxd3 11.Qxd3 Qc7 12.Bd2 Bd6 13.Ne5 Ngf6 14.O-O-O Rd8 15.Ne4 c5
16.Nxf6+ Nxf6 17.Qb5+ Nd7 18.dxc5 Qxc5 19.Qxc5 Bxc5 20.Nd3 Bd4 21.Bb4 Nf6
22.Rhe1 Nd5 23.Re4 Nxb4 24.Nxb4 Bxb2+ {#R} 0-1

[Event "Olympiad"]
[Site "Moscow (Russia)"]
[Date "1956.09.21"]
[Round "9"]
[White "Ciocaltea Viktor (ROM)"]
[Black "Golombek Harry (ENG)"]
[Result "1/2-1/2"]
[WhiteElo "2420"]
[BlackElo "2320"]

1.e4 c6 2.d4 d5 3.Nc3 dxe4 4.Nxe4 Bf5 5.Ng3 Bg6 6.h4 h6 7.f4 e6 8.h5 Bh7 9.Nf3
Nd7 10.Bd3 Bxd3 11.Qxd3 Qc7 12.Bd2 O-O-O 13.O-O-O Bd6 14.Ne2 Ngf6 15.Kb1 Kb8
16.Qb3 Qb6 17.Ne5 Qxb3 {#d} 1/2-1/2

[Event "It"]
[Site "Zevenaar (Netherlands)"]
[Round "6"]
[White "Beni Alfred (AUT)"]
[Black "Golombek Harry (ENG)"]
[Result "1/2-1/2"]
[WhiteElo "2210"]
[BlackElo "2320"]

1.e4 c6 2.d4 d5 3.Nc3 dxe4 4.Nxe4 Bf5 5.Ng3 Bg6 6.h4 h6 7.f4 e6 8.Nf3 Nd7 9.h5
Bh7 10.Bd3 Bxd3 11.Qxd3 Qc7 12.Bd2 O-O-O 13.O-O-O Bd6 14.Qe3 Ngf6 15.Ne5 Nb6
16.Qf3 c5 17.dxc5 Bxc5 18.Be3 Bxe3+ 19.Qxe3 Nfd5 20.Qe4 Kb8 21.Ne2 {#d}
1/2-1/2

[Event "It"]
[Site "Hague (Netherlands)"]
[Round "0"]
[White "Hatlebakk Einar (NOR)"]
[Black "Kolbak Jens (DEN)"]
[Result "0-1"]
[WhiteElo "2296"]
[BlackElo "2262"]

1.e4 c6 2.d4 d5 3.Nc3 dxe4 4.Nxe4 Bf5 5.Ng3 Bg6 6.h4 h6 7.f4 Nf6 8.Nf3 Nbd7
9.h5 Bh7 10.Bd3 Bxd3 11.Qxd3 e6 12.Bd2 Qc7 13.O-O-O Bd6 14.Ne5 Rf8 15.c4 O-O-O
16.Qe2 c5 17.Bc3 cxd4 18.Bxd4 Nd5 19.Nxd7 Nxf4 20.Qf3 Rxd7 21.Ne4 Qxc4+ 22.Kb1
Bc7 23.Bxg7 Rfd8 24.Rc1 Qd3+ 25.Qxd3 Nxd3 26.Nf6 Nxc1 27.Nxd7 Kxd7 28.Rd1+ Ke7
29.Rxc1 Bf4 30.Rc4 Bg5 31.Bc3 Rd5 32.Ra4 a6 33.Rb4 b5 34.Rb3 Kd7 35.Ra3 Rd6
36.Be5 Rc6 37.Rd3+ Ke7 38.b3 f6 39.Bc3 e5 40.Kb2 Ke6 41.g4 Rd6 42.Kc2 Rxd3
43.Kxd3 f5 44.gxf5+ Kxf5 45.Be1 Bf4 46.a3 Bc1 47.Bb4 e4+ 48.Kd4 e3 49.Kd3 Kg4
50.a4 Kxh5 51.axb5 axb5 {#R} 0-1

[Event "Ch World (team) (students)"]
[Site "Oerebro (Sweden)"]
[Round "10"]
[White "Neukirch Detlef (GER)"]
[Black "Vadasz Laszlo (HUN)"]
[Result "1/2-1/2"]
[WhiteElo "2267"]
[BlackElo "2271"]

1.e4 c6 2.d4 d5 3.Nc3 dxe4 4.Nxe4 Bf5 5.Ng3 Bg6 6.h4 h6 7.f4 e6 8.Nf3 Nd7
9.Bd3 Bxd3 10.Qxd3 Ngf6 11.Bd2 Bd6 12.O-O-O Qc7 13.Ne5 Nb6 14.Ne4 Nxe4 15.Qxe4
O-O-O 16.Ba5 Qe7 17.Rd3 Bc7 18.g3 Rd5 19.Bxb6 axb6 20.c4 Ra5 21.Kb1 f5 22.Qe3
Bxe5 23.dxe5 Qc5 24.Qxc5 Rxc5 25.Rc1 b5 26.Rd6 Re8 27.b3 bxc4 28.bxc4 Kc7
29.Kb2 Ra5 30.Rc3 Re7 31.h5 Ra8 32.c5 Ra4 33.Ra3 Rb4+ 34.Rb3 Rc4 35.Rc3 Re4
36.a3 Re2+ 37.Kb1 Rh2 38.a4 Rxh5 39.a5 Rh3 40.Ra3 g5 41.a6 bxa6 42.Rxa6 Kb7
43.Rdxc6 Kb8 44.Rab6+ Rb7 45.Rxe6 Rxg3 46.Rxh6 gxf4 {#d} 1/2-1/2

[Event "?"]
[Site "Czechoslovakia"]
[Round "0"]
[White "Dueckstein Andreas (AUT)"]
[Black "Hort Vlastimil (GER)"]
[Result "1/2-1/2"]
[WhiteElo "2221"]
[BlackElo "2466"]

1.e4 c6 2.d4 d5 3.Nc3 dxe4 4.Nxe4 Bf5 5.Ng3 Bg6 6.h4 h6 7.f4 e6 8.Nf3 Nd7 9.h5
Bh7 10.Bd3 Bxd3 11.Qxd3 Ngf6 12.Bd2 Qc7 13.Ne5 Bd6 14.O-O-O O-O 15.Ne2 c5
16.Nxd7 Nxd7 17.Kb1 Rfd8 18.g4 cxd4 19.g5 Nc5 20.Qxd4 Bf8 21.Qe3 hxg5 22.fxg5
Rd5 23.Bc3 Rxd1+ 24.Rxd1 Rd8 25.Rf1 Rd5 26.h6 Qd8 27.hxg7 Bxg7 28.Bf6 Rd1+
29.Rxd1 Qxd1+ 30.Nc1 b6 31.Bxg7 Kxg7 32.Qe5+ {#d} 1/2-1/2

[Event "Olympiad"]
[Site "Lugano (Switzerland)"]
[Round "0"]
[White "Dueckstein Andreas (AUT)"]
[Black "Pomar Salamanca Arturo (ESP)"]
[Result "1/2-1/2"]
[WhiteElo "2221"]
[BlackElo "2345"]

1.e4 c6 2.d4 d5 3.Nc3 dxe4 4.Nxe4 Bf5 5.Ng3 Bg6 6.h4 h6 7.f4 Nf6 8.Nf3 Ne4
9.Nxe4 Bxe4 10.Be3 e6 11.Bd3 Bxf3 12.Qxf3 Be7 13.O-O-O Qd5 14.Qg4 Nd7 15.c4
Qa5 16.Kb1 Nf6 17.Qf3 Qh5 18.Be4 O-O 19.Qxh5 Nxh5 20.Bf3 Ng3 21.Rh3 Nf5 22.Bf2
Rad8 23.g4 Nd6 24.b3 f5 25.g5 Ne4 26.Bxe4 fxe4 27.gxh6 gxh6 28.Rg3+ Kh7
29.Rdg1 Rg8 30.Re3 Rxg1+ 31.Bxg1 Rxd4 32.Kc2 {#d} 1/2-1/2

[Event "Ch Netherlands"]
[Site "Leeuwarden (Netherlands)"]
[Round "3"]
[White "Kerkhoff Leo J (NED)"]
[Black "Marcus Joost (NED)"]
[Result "0-1"]
[WhiteElo "2247"]
[BlackElo "2270"]

1.e4 c6 2.d4 d5 3.Nc3 dxe4 4.Nxe4 Bf5 5.Ng3 Bg6 6.h4 h6 7.f4 e6 8.h5 Bh7 9.Nf3
Nf6 10.Bd3 Bxd3 11.Qxd3 Nbd7 12.Bd2 Qc7 13.O-O-O c5 14.Ne5 cxd4 15.Qxd4 Bc5
16.Qa4 O-O 17.Nxd7 Nxd7 18.Rh3 Bd6 19.Ne2 Nb6 20.Qe4 Rfd8 21.Nd4 Qc4 22.Kb1
Bc5 23.Bc3 Nd5 24.Rg3 Nxc3+ 25.bxc3 Qd5 26.Qe2 Rd6 27.Rgd3 Ra6 28.Nb3 Qc6
29.Rd8+ Rxd8 30.Rxd8+ Kh7 31.Qd3+ f5 32.Qg3 g5 33.fxg5 Bd6 34.g6+ Kg7 35.Qd3
Qc7 36.Qd4+ e5 37.Qd5 Kf6 38.Qg8 Kg5 39.g7 Qxc3 40.Qf7 Qe1+ 41.Nc1 Rb6+ 42.Qb3
Ba3 43.g8=Q+ Kh4 44.Qc4+ e4 45.g3+ Kh3 46.g4+ Kh4 47.Rd1 Qxd1 {#R} 0-1

[Event "Ch Europe (juniors) (under 20) (qual)"]
[Site "Groningen (Netherlands)"]
[Round "5"]
[White "Weemaes Ronald (BEL)"]
[Black "Anceschi Vittorio (ITA)"]
[Result "0-1"]
[WhiteElo "2282"]
[BlackElo "2251"]

1.e4 c6 2.d4 d5 3.Nc3 dxe4 4.Nxe4 Bf5 5.Ng3 Bg6 6.h4 h6 7.f4 Nf6 8.Nf3 e6
9.Ne5 Bh7 10.c3 Nbd7 11.Qb3 Qb6 12.Bc4 Qxb3 13.Bxb3 Nxe5 14.fxe5 Nd7 15.O-O
Be7 16.Nh5 O-O 17.Rf4 Bg6 18.Ng3 c5 19.Rg4 Kh7 20.Rxg6 Kxg6 21.Bc2+ f5
22.exf6+ Kxf6 23.Be4 cxd4 24.cxd4 Bd6 25.Nh5+ Kf7 26.Bxb7 Rab8 27.Bc6 Nf6
28.Nxf6 Kxf6 29.b3 Ke7 30.Be4 Rbc8 31.Bd2 Rf6 32.Rc1 Rxc1+ 33.Bxc1 Bg3 34.Ba3+
Kd8 35.Bf3 Bxh4 36.Bc5 Rf7 37.a4 Rc7 38.b4 Be7 39.Kf2 Bxc5 40.bxc5 a5 41.Ke3
Ke7 42.Kd3 Rc8 43.Bb7 Rb8 44.c6 Kd6 45.Kc4 Kc7 46.Kb5 Rd8 47.Kxa5 Rxd4 48.Kb5
Rd5+ 49.Kb4 Kb6 50.Bc8 Rd4+ 51.Kb3 Kxc6 52.Bxe6 Kc5 53.Bf5 Kb6 54.Be6 Ka5
55.Kc3 Rxa4 56.Kd3 Rf4 57.Ke3 Rf6 58.Bc8 Kb5 59.Ke4 Kc5 60.Ke5 Kc6 61.Bf5 Kc7
62.g3 Kd8 63.Kf4 g6 {#R} 0-1

[Event "Ch World (juniors) (under 16)"]
[Site "Wattignies (France)"]
[Round "0"]
[White "Van Der Wiel John T H (NED)"]
[Black "Weber Dirk (GER)"]
[Result "1-0"]
[WhiteElo "2459"]
[BlackElo "2285"]

1.e4 c6 2.d4 d5 3.Nc3 dxe4 4.Nxe4 Bf5 5.Ng3 Bg6 6.h4 h6 7.f4 e6 8.Nf3 Nd7 9.h5
Bh7 10.Bd3 Bxd3 11.Qxd3 Qc7 12.Bd2 Ngf6 13.O-O-O O-O-O 14.Ne5 Nb6 15.Kb1 c5
16.c3 c4 17.Qe2 Bd6 18.b3 Bxe5 19.fxe5 Nfd5 20.Ne4 Kb8 21.Rhf1 Rhf8 22.Rf3
cxb3 23.axb3 Nc8 24.Nc5 Nce7 25.Rdf1 Qa5 26.Kb2 Nc6 27.Nxe6 {#r} 1-0

[Event "It (cat.10)"]
[Site "Biel (Switzerland)"]
[Round "0"]
[White "Korchnoi Viktor (SUI)"]
[Black "Hort Vlastimil (GER)"]
[Result "1-0"]
[WhiteElo "2635"]
[BlackElo "2605"]

1.e4 c6 2.d4 d5 3.Nd2 dxe4 4.Nxe4 Bf5 5.Ng3 Bg6 6.h4 h6 7.f4 e6 8.Nf3 Nd7 9.h5
Bh7 10.Bd3 Bxd3 11.Qxd3 Qc7 12.Bd2 O-O-O 13.Qe2 Ne7 14.O-O-O Nf6 15.Ne5 Nf5
16.Nxf5 exf5 17.Qd3 Ne4 18.Qh3 Kb8 19.Qxf5 Ng3 20.Qxf7 Nxh1 21.Qxc7+ Kxc7
22.Nf7 Nf2 23.Rf1 Ne4 24.Nxh8 Rxd4 25.Be1 Bc5 26.Rf3 Rd5 27.g4 Nf6 28.b4 Bg1
29.Bh4 Ne4 30.Ng6 a5 31.a3 a4 32.Be1 b5 33.Bc3 Nxc3 34.Rxc3 Bd4 35.Rd3 Kd6
36.Nh4 Bf6 37.Nf5+ Ke6 38.Kd2 c5 39.bxc5 b4 40.Kc1 Rxd3 41.cxd3 b3 42.c6 Bd8
43.Nxg7+ Kd5 44.g5 Kxc6 45.Ne6 Be7 46.g6 Bxa3+ 47.Kb1 {#r} 1-0

[Event "It (open)"]
[Site "Amsterdam (Netherlands)"]
[Round "0"]
[White "Marjanovic Slavoljub (SRB)"]
[Black "Douven Rudy C (NED)"]
[Result "0-1"]
[WhiteElo "2515"]
[BlackElo "2415"]

1.e4 c6 2.d4 d5 3.Nd2 dxe4 4.Nxe4 Bf5 5.Ng3 Bg6 6.h4 h6 7.f4 e6 8.Nf3 Nd7 9.h5
Bh7 10.Bd3 Bxd3 11.Qxd3 Ngf6 12.Bd2 Qc7 13.Qe2 c5 14.dxc5 Bxc5 15.O-O-O Rc8
16.Kb1 O-O 17.Bc1 Bd6 18.Rh4 Rfd8 19.c4 a6 20.b3 b5 21.cxb5 Nd5 22.Bb2 Ba3
23.Qc4 Qa5 24.Qd4 Bxb2 25.Kxb2 Nc3 26.a4 Nxd1+ 27.Qxd1 {#R} 0-1

[Event "It (cat.10)"]
[Site "Marseilles (France)"]
[Round "0"]
[White "Marjanovic Slavoljub (SRB)"]
[Black "Haik Aldo (FRA)"]
[Result "1-0"]
[WhiteElo "2515"]
[BlackElo "2455"]

1.e4 c6 2.d4 d5 3.Nd2 dxe4 4.Nxe4 Bf5 5.Ng3 Bg6 6.h4 h6 7.f4 e6 8.Nf3 Nd7 9.h5
Bh7 10.Bd3 Bxd3 11.Qxd3 Bd6 12.Bd2 Qc7 13.Ne5 Ngf6 14.Qe2 Rf8 15.O-O-O O-O-O
16.Rhe1 c5 17.dxc5 Nxc5 18.Kb1 Kb8 19.Bc1 Rfe8 20.Rd4 Nd5 21.Red1 f6 22.Ng6
Qc6 23.c4 Nb6 24.b3 Nc8 25.Ne4 Bc7 26.Rxd8 Bxd8 27.Nxc5 Qxc5 28.Rd7 Bc7
29.Rxg7 Qf5+ 30.Ka1 Rd8 31.g4 Qa5 32.Kb1 Qb6 33.g5 fxg5 34.fxg5 hxg5 35.h6 Qd4
36.Qe3 Qf6 37.Qxg5 Qc3 38.Qe3 Rd3 39.Qe4 Rd1 40.Qc2 Rxc1+ 41.Qxc1 Qd3+ 42.Qc2
Qf1+ 43.Kb2 Bd8 44.Qh2+ Ka8 {#r} 1-0

[Event "Ch New Zealand"]
[Site "New Zealand"]
[Round "0"]
[White "Smith Robert W (NZL)"]
[Black "Garbett Paul Anthony (NZL)"]
[Result "1/2-1/2"]
[WhiteElo "2280"]
[BlackElo "2310"]

1.e4 c6 2.d4 d5 3.Nc3 dxe4 4.Nxe4 Bf5 5.Ng3 Bg6 6.h4 h6 7.f4 Nf6 8.h5 Bh7
9.Nf3 e6 10.Bd3 Bxd3 11.Qxd3 Bd6 12.Bd2 Qc7 13.Ne5 c5 14.O-O-O cxd4 15.Qxd4
O-O 16.Ne4 Nxe4 17.Qxe4 Bxe5 18.fxe5 Nc6 19.Bf4 Rad8 20.g4 Rxd1+ 21.Rxd1 Rd8
22.Rd6 Rxd6 23.exd6 Qb6 24.b3 Qg1+ 25.Kb2 Qxg4 26.d7 Qh4 27.b4 Nd8 28.Qd4 f5
29.Qd6 Kh7 30.Qf8 Qxf4 31.Qxd8 Qxb4+ 32.Kc1 Qe1+ {#d} 1/2-1/2

[Event "It (open)"]
[Site "Vienna (Austria)"]
[Round "0"]
[White "Dueckstein Andreas (AUT)"]
[Black "Steiner Ulrich A (AUT)"]
[Result "1-0"]
[WhiteElo "2350"]
[BlackElo "2285"]

1.e4 c6 2.d4 d5 3.Nc3 dxe4 4.Nxe4 Bf5 5.Ng3 Bg6 6.h4 h6 7.f4 e6 8.Nf3 Nd7 9.h5
Bh7 10.Bd3 Bxd3 11.Qxd3 Bd6 12.Ne4 Ndf6 13.Nxd6+ Qxd6 14.Bd2 Ne7 15.O-O-O Nf5
16.Rh3 O-O-O 17.Ne5 Rhf8 18.Ba5 Rde8 19.g4 Ne7 20.c4 Nd7 21.Qb3 f6 22.Bb4 Qc7
23.Bxe7 Rxe7 24.Ng6 Ree8 25.Nxf8 Qxf4+ 26.Rd2 Nxf8 27.Rf3 Qe4 28.Re3 Qf4 29.d5
cxd5 30.cxd5 e5 31.Rc3+ Kb8 32.Qb5 Rd8 33.Qc5 Ne6 34.Qe7 Rxd5 35.Rc8+ {#r} 1-0

[Event "It"]
[Site "Zenica (Bosnia & Herzegovina)"]
[Round "10"]
[White "Marjanovic Slavoljub (SRB)"]
[Black "Groszpeter Attila (HUN)"]
[Result "1-0"]
[WhiteElo "2515"]
[BlackElo "2470"]

1.e4 c6 2.d4 d5 3.Nd2 dxe4 4.Nxe4 Bf5 5.Ng3 Bg6 6.h4 h6 7.f4 e6 8.Nf3 Bd6 9.h5
Bh7 10.Bd3 Bxd3 11.Qxd3 Nf6 12.Qe2 Qc7 13.Ne5 c5 14.dxc5 Qxc5 15.Nf5 O-O
16.Be3 Qc7 17.Nxd6 Qxd6 18.g4 Qb4+ 19.c3 Qe4 20.O-O-O Nd5 21.Rhe1 Rc8 22.Qf2
Qa4 23.Kb1 Nc6 24.Nxc6 Rxc6 25.Bd4 Ra6 26.b3 Qa5 27.Rd3 Rc8 28.c4 Nb4 29.Rd2
b5 30.Re5 Nc6 31.Rxb5 Qa3 32.Bc5 {#r} 1-0

[Event "It (w)"]
[Site "Naleczow (Poland)"]
[Round "2"]
[White "Sosnowska Elzbieta (POL)"]
[Black "Kaczorowska Barbara (POL)"]
[Result "0-1"]
[WhiteElo "1918"]
[BlackElo "2150"]

1.e4 c6 2.d4 d5 3.Nd2 dxe4 4.Nxe4 Bf5 5.Ng3 Bg6 6.h4 h6 7.f4 e6 8.Nf3 Nd7 9.h5
Bh7 10.Bd3 Bxd3 11.Qxd3 Ngf6 12.Bd2 Qc7 13.O-O-O O-O-O 14.Qe2 c5 15.Ne5 Nb8
16.dxc5 Bxc5 17.Kb1 Nc6 18.Nxc6 Qxc6 19.Rhf1 Bd4 20.Rf3 Kb8 21.Rd3 Rd5 22.Bc1
Rhd8 23.f5 e5 24.Ne4 Nxe4 25.Qxe4 R5d6 26.Qxc6 bxc6 27.c3 Bc5 28.Rxd6 Rxd6
29.Rxd6 Bxd6 30.f6 Bf8 31.fxg7 Bxg7 32.g4 Kc7 33.Kc2 e4 34.Bf4+ Kd7 35.Kd2 Ke6
36.Ke3 f5 37.g5 hxg5 38.Bxg5 Be5 39.a4 a6 40.Bf4 Bf6 41.Kd2 Kd5 42.h6 Ke6
43.b4 Kf7 44.c4 Bd8 45.Ke3 Be7 46.b5 cxb5 47.axb5 axb5 48.cxb5 Bc5+ 49.Ke2 Kg6
50.Be3 Bd6 51.Bb6 Kxh6 52.Bd8 f4 53.b6 f3+ 54.Kf2 Bc5+ 55.Kg3 Kh5 56.Bc7 f2
57.Kg2 e3 58.Kf1 Kg4 59.Ke2 Kh3 60.Kf1 e2+ {#R} 0-1

[Event "It (open) (juniors) (under 20)"]
[Site "Budapest (Hungary)"]
[Round "7"]
[White "Fogarasi Tibor (HUN)"]
[Black "Posa Norbert (HUN)"]
[Result "1-0"]
[WhiteElo "2404"]
[BlackElo "2128"]

1.e4 c6 2.d4 d5 3.Nc3 dxe4 4.Nxe4 Bf5 5.Ng3 Bg6 6.h4 h6 7.f4 e6 8.Nf3 Nd7 9.h5
Bh7 10.Bd3 Bxd3 11.Qxd3 Qc7 12.Bd2 O-O-O 13.Qe2 Ngf6 14.O-O-O c5 15.Ne5 Nxe5
16.dxe5 Nd5 17.Ne4 Be7 18.Kb1 Rd7 19.c4 Nb6 20.b3 Rhd8 21.Bc3 Bf8 22.Kc2 Kb8
23.Rxd7 Qxd7 24.Rd1 Qxd1+ 25.Qxd1 Rxd1 26.Kxd1 Nc8 27.g4 Kc7 28.Ke2 Kd7 29.f5
exf5 30.gxf5 b6 31.Kf3 g6 32.e6+ Ke7 33.Bf6+ {#r} 1-0

[Event "Ch Hungary (open)"]
[Site "Eger (Hungary)"]
[Round "0"]
[White "Kiss Laszlo (HUN)"]
[Black "Fette Martin (GER)"]
[Result "0-1"]
[WhiteElo "1694"]
[BlackElo "2293"]

1.e4 c6 2.d4 d5 3.Nd2 dxe4 4.Nxe4 Bf5 5.Ng3 Bg6 6.h4 h6 7.f4 e6 8.Nf3 Nd7
9.Ne5 Nxe5 10.fxe5 Ne7 11.h5 Bh7 12.Bd3 Qxd4 13.Bxh7 Qxe5+ 14.Kf2 Rxh7 15.Qd3
Rh8 16.c4 Rd8 17.Qf3 Qf6 18.Qxf6 gxf6 19.Be3 Nc8 20.c5 Ne7 21.Rhe1 Nd5 22.Bd4
Be7 23.Ne4 Rg8 24.g3 f5 25.Nd6+ Bxd6 26.cxd6 b6 27.a4 Rg4 28.Be5 a5 29.Rad1
Kd7 {#R} 0-1

[Event "Ch Eindhoven Club"]
[Site "Eindhoven (Netherlands)"]
[Round "0"]
[White "Cuijpers Frans Andre (NED)"]
[Black "Scheeren Peter (NED)"]
[Result "1-0"]
[WhiteElo "2435"]
[BlackElo "2445"]

1.e4 c6 2.d4 d5 3.Nd2 dxe4 4.Nxe4 Bf5 5.Ng3 Bg6 6.h4 h6 7.f4 e6 8.Nf3 Nd7 9.h5
Bh7 10.Bd3 Bxd3 11.Qxd3 Qc7 12.Bd2 O-O-O 13.O-O-O Bd6 14.Qe3 Ngf6 15.Ne5 Rhf8
16.Ne4 Nxe4 17.Qxe4 f5 18.Qe2 Bxe5 19.dxe5 Nc5 20.Bb4 Rd5 21.Rxd5 cxd5 22.Rh3
b6 23.Rc3 d4 24.Bxc5 bxc5 25.Qa6+ Kd7 26.Qb5+ Qc6 27.Rxc5 Qxb5 28.Rxb5 Kc6
29.Ra5 Rf7 30.Kd2 g6 31.hxg6 Rg7 32.Ra6+ Kd5 33.Rd6+ Ke4 34.Rxe6 Kxf4 35.Kd3
Rd7 36.Rd6 Re7 37.Kxd4 {#r} 1-0

[Event "Ch Club"]
[Site "Tampere (Finland)"]
[Round "0"]
[White "Hokkanen Petri (FIN)"]
[Black "Haataja Riku (FIN)"]
[Result "1-0"]
[WhiteElo "2300"]
[BlackElo "2145"]

1.e4 c6 2.d4 d5 3.Nd2 dxe4 4.Nxe4 Bf5 5.Ng3 Bg6 6.h4 h6 7.f4 Qc7 8.Nf3 Nd7
9.Bd3 Bxd3 10.Qxd3 e6 11.Rf1 Ngf6 12.Ne5 Bd6 13.Bd2 Rd8 14.Qe2 Nd5 15.Nh5 g6
16.Ng3 Nxe5 17.fxe5 Be7 18.O-O-O Bxh4 19.Ne4 h5 20.Nd6+ Rxd6 21.exd6 Qxd6
22.c4 Ne7 23.Bf4 Qd7 24.Qe5 f6 25.Qb8+ Nc8 26.g3 Bg5 27.Bxg5 fxg5 28.Qe5 Rg8
29.d5 cxd5 30.Rxd5 Qe7 31.Qb8 exd5 32.Qxc8+ Qd8 33.Qe6+ {#r} 1-0

[Event "Ch Greece"]
[Site "Athens (Greece)"]
[Round "0"]
[White "Lirindzakis Timotheos (GRE)"]
[Black "Gazis Efstathios (GRE)"]
[Result "1/2-1/2"]
[WhiteElo "2330"]
[BlackElo "2306"]

1.e4 c6 2.d4 d5 3.Nd2 dxe4 4.Nxe4 Bf5 5.Ng3 Bg6 6.h4 h6 7.f4 e6 8.Nf3 Bd6 9.h5
Bh7 10.Bd3 Bxd3 11.Qxd3 Nf6 12.Bd2 a5 13.O-O-O Na6 14.Kb1 Nb4 15.Qe2 Nbd5
16.Ne5 O-O 17.f5 exf5 18.Nxf5 Ne7 19.g4 Nxf5 20.gxf5 Be7 21.Bxh6 gxh6 22.Qg2+
Kh7 23.Nxf7 Rg8 24.Qg6+ Rxg6 25.fxg6+ Kg7 26.Nxd8 Rxd8 27.c4 Bf8 28.Kc2 b5
29.b3 Bb4 30.Rh4 Re8 31.Kd3 Be1 32.Rh1 Bf2 33.Rhf1 Re3+ 34.Kc2 Ne4 35.cxb5
Re2+ 36.Kd3 Re3+ 37.Kc2 cxb5 38.d5 Re2+ 39.Kd3 Re3+ 40.Kc2 Re2+ 41.Kd3 Re3+
42.Kc2 Re2+ 43.Kd3 Ng3 44.d6 Re3+ 45.Kd2 Nxf1+ 46.Rxf1 Re6 47.Rxf2 Rxd6+
48.Ke3 Rd5 49.Rh2 b4 50.Kf4 Rg5 51.Rh3 Rd5 {#d} 1/2-1/2

[Event "Ch Argentina"]
[Site "Buenos Aires (Argentina)"]
[Round "0"]
[White "Gomez Baillo Jorge H (ARG)"]
[Black "Glavina Pablo (ARG)"]
[Result "1-0"]
[WhiteElo "2386"]
[BlackElo "2468"]

1.e4 c6 2.d4 d5 3.Nd2 dxe4 4.Nxe4 Bf5 5.Ng3 Bg6 6.h4 h6 7.f4 Nd7 8.Nf3 Qc7
9.h5 Bh7 10.Bd3 Bxd3 11.Qxd3 e6 12.Bd2 Ngf6 13.O-O-O O-O-O 14.Qe2 c5 15.Ne5
Nb6 16.dxc5 Bxc5 17.Kb1 Rhf8 18.c4 Kb8 19.b3 Nfd7 20.Bc3 f6 21.Ng6 Rfe8 22.Ne4
Ba3 23.Rhe1 Nf8 24.Ne5 Rxd1+ 25.Rxd1 Rd8 26.Nd3 Nfd7 27.Ba5 Qc6 28.Nb4 Bxb4
29.Bxb4 Re8 30.Nd6 Rh8 31.Nb5 Nc8 32.Bd6+ Nxd6 33.Rxd6 Qc8 34.Qxe6 Nc5 35.Qd5
a6 36.Nd4 Re8 37.Nc6+ bxc6 38.Qxc5 Kb7 39.Qb4+ Ka7 40.Qc5+ Kb7 41.g4 Rd8
42.Qb4+ Ka7 43.f5 Rxd6 44.Qxd6 Kb6 45.Qb4+ Kc7 46.Qe7+ Kb6 47.b4 Qg8 48.Qe4
Qd8 49.Kc2 Qc7 50.Kb3 Qd7 51.Kc3 Qc7 52.Qd4+ Kb7 53.c5 Qg3+ 54.Kc4 Qf3 55.Qd7+
Kb8 56.Qe8+ Kc7 57.Qe7+ Kc8 58.Qf8+ Kc7 59.Qf7+ Kc8 60.Qf8+ Kc7 61.Qf7+ Kc8
62.Qf8+ Kc7 63.Qf7+ Kc8 64.Qg8+ Kc7 65.Qxg7+ Kc8 66.Qh8+ Kc7 67.Qh7+ Kc8
68.Qg8+ Kc7 69.Qf7+ Kc8 70.Qe6+ Kc7 71.Qd6+ Kc8 72.Qd3 Qxg4+ 73.Kb3 Qg2
74.Qxa6+ Kc7 75.Qd3 Kc8 76.a3 Kb7 77.Ka4 Qg7 78.Qd6 Qf7 79.Qe6 Qc7 80.Qxf6 Qd7
81.Qd6 {#r} 1-0

[Event "It"]
[Site "Geneva (Switzerland)"]
[Round "0"]
[White "Mokry Karel (CZE)"]
[Black "Gobet Fernand (SUI)"]
[Result "1-0"]
[WhiteElo "2495"]
[BlackElo "2405"]

1.e4 c6 2.Nc3 d5 3.d4 dxe4 4.Nxe4 Bf5 5.Ng3 Bg6 6.h4 h6 7.f4 e6 8.Nf3 Nd7 9.h5
Bh7 10.Bd3 Bxd3 11.Qxd3 Bd6 12.Bd2 Ngf6 13.O-O-O Qc7 14.Ne5 O-O 15.Ne4 Nxe4
16.Qxe4 Nf6 17.Qe2 c5 18.dxc5 Qxc5 19.Kb1 Rac8 20.c4 Bxe5 21.fxe5 Nh7 22.b3
Rfd8 23.Bc1 a6 24.Qe3 Qc6 25.Qf3 Qc7 26.Qg3 Rxd1 27.Rxd1 Kh8 28.Bf4 Rd8 29.Qf3
Rxd1+ 30.Qxd1 Qb6 31.Qd6 Qg1+ 32.Bc1 Ng5 33.Qb8+ Kh7 34.Qxb7 Qe1 35.g4 a5
36.Qg2 Ne4 37.Qc2 g6 38.hxg6+ fxg6 39.Qd3 Nc5 40.Qe3 Qxe3 41.Bxe3 Nd7 42.Bf4
g5 43.Bd2 Nxe5 44.Bxa5 Nxg4 45.Bc7 Nf2 46.a4 Nd3 47.a5 Nb4 48.Bd6 {#r} 1-0

[Event "Bundesliga 1987/88"]
[Site "Germany"]
[Round "0"]
[White "Beeker Detlef (GER)"]
[Black "Hachmeister Dirk (GER)"]
[Result "1/2-1/2"]
[WhiteElo "2217"]
[BlackElo "2286"]

1.e4 c6 2.d4 d5 3.Nc3 dxe4 4.Nxe4 Bf5 5.Ng3 Bg6 6.h4 h6 7.f4 Nf6 8.f5 Bxf5
9.Nxf5 Qa5+ 10.Bd2 Qxf5 11.Nf3 Nbd7 12.Bd3 Qe6+ 13.Be2 O-O-O 14.c4 Qd6 15.O-O
e5 16.dxe5 Nxe5 17.Be3 Nxf3+ 18.Bxf3 Qg3 19.Qe1 Bd6 20.Qxg3 Bxg3 21.Bxa7 Bxh4
22.b4 Nd7 23.Bg4 Bf6 24.Rad1 Kc7 25.b5 c5 26.Bxd7 Rxd7 27.Bxc5 Ra8 28.Bb6+ Kc8
29.Rde1 Rd6 30.Re8+ Bd8 31.Bxd8 Rxd8 32.Rxd8+ Kxd8 33.Rxf7 Rxa2 34.Rxb7 Rc2
35.Rxg7 Rxc4 36.b6 Kc8 37.b7+ Kb8 38.Kh2 Rh4+ 39.Kg3 Rh1 40.Kg4 Rh2 41.Kf3 h5
42.g3 Ka7 43.Rh7 Kb8 44.Kf4 Rh3 45.Kf3 Rh2 46.Ke3 Ka7 47.Kf4 Rh3 48.Rd7 Kb8
49.Rg7 Ka7 50.Rd7 Kb8 51.Rg7 Rh2 52.Kf3 Ka7 53.Re7 Kb8 54.Re2 Rxe2 55.Kxe2
Kxb7 56.Kf3 Kc6 57.Kf4 h4 {#d} 1/2-1/2

[Event "Bundesliga 1987/88 (2nd)"]
[Site "Germany"]
[Round "0"]
[White "Schaefer Markus (GER)"]
[Black "Kreutzkamp Reinhold (GER)"]
[Result "1/2-1/2"]
[WhiteElo "2399"]
[BlackElo "2294"]

1.e4 c6 2.d4 d5 3.Nc3 dxe4 4.Nxe4 Bf5 5.Ng3 Bg6 6.h4 h6 7.f4 e6 8.Nf3 Nd7 9.h5
Bh7 10.Bd3 Bxd3 11.Qxd3 Ngf6 12.Bd2 Be7 13.O-O-O O-O 14.f5 Bd6 15.Rh3 e5
16.Ne4 Nxe4 17.Qxe4 Nf6 18.Qh4 exd4 19.Qxd4 Be7 20.Qe5 Bd6 21.Qd4 Be7 22.Qg1
Qb6 23.g4 Qxg1 24.Rxg1 Nh7 25.g5 Nxg5 26.Nxg5 Bxg5 27.Bxg5 hxg5 28.Rxg5 Kh7
29.f6 Rg8 30.Rf5 Rad8 31.b3 Rd6 32.fxg7 Rxg7 33.Rhf3 Kg8 34.Kb2 Kf8 35.Kc3 Ke7
36.Re5+ Kd7 37.Ref5 {#d} 1/2-1/2

[Event "Ch India"]
[Site "India"]
[Round "0"]
[White "Gupta R S (IND)"]
[Black "Ravi Thandalam Shanmugam (IND)"]
[Result "1-0"]
[WhiteElo "2234"]
[BlackElo "2215"]

1.e4 c6 2.d4 d5 3.Nc3 dxe4 4.Nxe4 Bf5 5.Ng3 Bg6 6.h4 h6 7.f4 e6 8.Nf3 Nd7 9.h5
Bh7 10.Bd3 Bxd3 11.Qxd3 Ngf6 12.Bd2 Qc7 13.O-O-O O-O-O 14.Qe2 c5 15.Ne5 Nb6
16.dxc5 Bxc5 17.Kb1 Bd6 18.Rhf1 Kb8 19.Ne4 Bxe5 20.fxe5 Nxe4 21.Qxe4 Rd5
22.Bc3 Rhd8 23.Rxd5 Rxd5 24.Qg4 Qc4 25.Qxc4 Nxc4 26.Re1 Kc7 27.b3 Nb6 28.Rf1
Rd7 29.Ba5 Kc6 30.c4 Nc8 31.Kc2 b5 32.Rf4 a6 33.Rg4 Ne7 34.Rxg7 Nf5 35.Rg8
bxc4 36.bxc4 Rd4 37.Rc8+ Kd7 38.Rd8+ Kc6 39.Rxd4 Nxd4+ 40.Kd3 Nf5 41.Be1 Kd7
42.g4 Ne7 43.Bd2 Nc6 44.Ke4 Ke7 45.Bxh6 f6 46.exf6+ Kxf6 47.Bd2 Ne7 48.g5+ Kf7
49.Bc3 Nf5 50.g6+ Ke7 51.Be5 {#r} 1-0

[Event "Ch Sweden"]
[Site "Norrkoeping (Sweden)"]
[Round "0"]
[White "Ernst Thomas (SWE)"]
[Black "Wessman Richard (SWE)"]
[Result "1-0"]
[WhiteElo "2450"]
[BlackElo "2423"]

1.e4 c6 2.d4 d5 3.Nd2 dxe4 4.Nxe4 Bf5 5.Ng3 Bg6 6.h4 h6 7.f4 e6 8.Nf3 Nd7 9.h5
Bh7 10.Bd3 Bxd3 11.Qxd3 Qc7 12.Bd2 O-O-O 13.Qe2 c5 14.Ne5 Nb6 15.dxc5 Bxc5
16.O-O-O Nf6 17.Kb1 Bd4 18.Rhe1 Kb8 19.Bb4 Na4 20.Qb5 Nxb2 21.Ba5 b6 22.Nc6+
Kb7 23.Nxd8+ Rxd8 24.Rxd4 Rxd4 25.Qxb2 Qc5 26.Bc3 Rc4 27.Ne2 Qf2 28.Nc1 Nxh5
29.Nd3 Qxg2 30.f5 exf5 31.Re7+ Rc7 32.Rxc7+ Kxc7 33.Qa3 f6 34.Qe7+ {#r} 1-0

[Event "It (w)"]
[Site "Dortmund (Germany)"]
[Round "9"]
[White "Brustman Agnieszka (POL)"]
[Black "Buechle Regina (GER)"]
[Result "1-0"]
[WhiteElo "2305"]
[BlackElo "1956"]

1.e4 c6 2.d4 d5 3.Nd2 dxe4 4.Nxe4 Bf5 5.Ng3 Bg6 6.h4 h6 7.f4 e6 8.h5 Bh7 9.Nf3
Nd7 10.Bd3 Bxd3 11.Qxd3 Qc7 12.Bd2 Ngf6 13.Ne5 Nb6 14.O-O-O O-O-O 15.Ba5 Bd6
16.Ne4 c5 17.Nxd6+ Rxd6 18.Qg3 Rg8 19.dxc5 Rxd1+ 20.Rxd1 Qxc5 21.Bxb6 Qxb6
22.Nxf7 Nxh5 23.Qf3 Nf6 24.Nxh6 Rd8 25.Rxd8+ Qxd8 26.Nf7 Qd4 27.c3 Qg1+ 28.Kc2
Nd5 29.g3 Ne3+ 30.Kb3 Nf5 31.g4 Qb6+ 32.Kc2 Ne3+ 33.Kd3 Nd5 34.Qe4 Qa6+ 35.Kc2
Qc6 36.a3 Qb6 37.f5 Qf2+ 38.Kb3 Qb6+ 39.Ka2 Qf2 {#r} 1-0